000 00238nam a2200097Ia 4500
005 20251222114411.0
008 251222s1900||||xx |||||||||||||| ||spa||
082 _aDVD0093/C76/2006
245 0 _aSexualidad: verdad y significado:
942 _cDVD
999 _c2056
_d2056